[Event "Match"]
[Site "www.echecsemail.com"]
[Date "2018.05.08"]
[Round "1"]
[White "Lcbunghai"]
[Black "Hundegana"]
[WhiteElo "2020"]
[BlackElo "2040"]
[Result "1/2-1/2"]
[Round "1"]
1.e4 c5
2.Ng1f3 d6
3.d4 Ng8f6
4.dxc5 Nf6xe4
5.cxd6 Ne4xd6
6.Bf1e2 Qd8a5
7.c3 Nb8c6
8.O-O g6
9.h3 Bf8g7
10.Nb1a3 O-O
11.Na3c4 Nd6xc4
12.Be2xc4 e6
13.Bc1g5 h6
14.Bg5e3 Rf8d8
15.Qd1e2 Nc6e5
16.Nf3xe5 Qa5xe5
17.Rf1e1 b5
18.Bc4xb5 a6
19.Bb5a4 Ra8b8
20.Ra1d1 Bc8b7
21.Rd1xd8 Rb8xd8
22.Ba4b3 Qe5e4
23.f3 Qe4d3
24.Qe2xd3 Rd8xd3
25.Be3c1 Kh7
26.Kf2 Bg7f6
27.Bb3c2 Rd3d7
28.Re1d1 Rd7xd1
29.Bc2xd1 Bf6e7
30.Bd1a4 Kg7
31.Bc1e3 f5
32.f4 g5
33.fxg5 hxg5
34.Be3d4 Be7f6
35.Bd4xf6 Kxf6
36.g3 Ke5
37.Ke3 Bb7g2
38.h4 gxh4
39.gxh4 f4
40.Kf2 Bg2e4
41.Ba4e8 a5
42.h5 Be4f5
43.b4 axb4
44.cxb4 Kd6
45.a4 e5
46.a5 Kc7
47.Be8b5 Kb7
48.Bb5c4 Ka7
49.h6 e4
50.Bc4g8 e3
51.Kf3 Bf5g4
52.Kxg4 e2
53.h7 e1Q
54.h8Q Qe1xb4
55.Qh8g7 Ka6
56.Qg7c7 f3
57.Kxf3 Qb4f8
58.Qc7f7 Qf8xf7
59.Bg8xf7 Kxa5
60.Bf7b3 Kb4
{ draw }
1/2-1/2

[Event "Match"]
[Site "www.echecsemail.com"]
[Date "2018.05.08"]
[Round "1"]
[White "Chapi"]
[Black "Pinehill"]
[WhiteElo "2120"]
[BlackElo "2040"]
[Result "1-0"]
[Round "1"]
1.d4 Ng8f6
2.c4 e6
3.Nb1c3 Bf8b4
4.Bc1d2 O-O
5.Ng1f3 d5
6.cxd5 Bb4xc3
7.bxc3 exd5
8.Ra1b1 c6
9.a4 b6
10.e3 Bc8g4
11.Bf1e2 Nb8d7
12.O-O Rf8e8
13.c4 Nf6e4
14.cxd5 cxd5
15.Bd2b4 a5
16.Bb4a3 Ne4c3
17.Qd1c2 Nc3xb1
18.Rf1xb1 Ra8c8
19.Qc2b3 Qd8c7
20.h3 Bg4e6
21.Nf3g5 h6
22.Ng5xe6 fxe6
23.Be2h5 Re8f8
24.Ba3xf8 Nd7xf8
25.Qb3xb6 Qc7xb6
26.Rb1xb6 Rc8c4
27.Bh5e8 g5
28.Rb6a6 Rc4c1
29.Kh2 Rc1c2
30.Kg3 Kg7
31.Ra6a7 Kh8
32.Ra7xa5 Nf8h7
33.Ra5a6 Nh7f6
34.Be8g6 Kg7
35.Bg6xc2 { resign }
1-0

[Event "Match"]
[Site "www.echecsemail.com"]
[Date "2018.05.08"]
[Round "1"]
[White "Tonino1"]
[Black "Darknight"]
[WhiteElo "1950"]
[BlackElo "1910"]
[Result "1-0"]
[Round "1"]
1.d4 d5
2.f4 e6
3.e3 h6
4.Bf1d3 b6
5.Ng1f3 Bf8d6
6.O-O Nb8d7
7.Nf3e5 Bd6xe5
8.fxe5 h5
9.Qd1f3 f6
10.Bd3g6 Ke7
11.b3 h4
12.e4 dxe4
13.Qf3xe4 Ra8b8
14.d5 Nd7c5
15.Bc1a3 exd5
16.exf6 Kd6
17.Qe4f4 Kc6
18.fxg7 Rh8h6
19.Qf4f8 Nc5e6
20.Bg6e8 Kb7
21.Qf8xg8 Bc8d7
22.Qg8h8 Ne6xg7
23.Qh8xh6 Ng7xe8
24.Nb1c3 Bd7c6
25.Ra1d1 Qd8d7
26.Qh6xh4 Qd7g7
27.Nc3xd5 Rb8c8
28.Qh4e7 Kb8
29.Qe7xg7 Ne8xg7
30.Nd5e7 Rc8e8
31.Ne7xc6 Kb7
32.Rf1f7 Ng7h5
33.Nc6d8 Kc8
34.Ba3e7 a6
35.Nd8e6 Kb7
36.Rd1d7 Re8c8
37.Be7d8 Kc6
38.Ne6d4 Kb7
39.Bd8xc7 a5
40.Bc7e5 Ka8
41.Rd7a7 
1-0

[Event "Tourn. n9818"]
[Site "www.echecsemail.com"]
[Date "2018.05.08"]
[Round "1"]
[White "Tonino1"]
[Black "Bojan"]
[WhiteElo "2060"]
[BlackElo "2050"]
[Result "1-0"]
[Round "1"]
1.d4 g6
2.f4 Bf8g7
3.e3 f5
4.Bf1d3 Ng8f6
5.Ng1f3 d6
6.Nb1d2 Bc8e6
7.Nf3g5 Be6d5
8.c4 Bd5xg2
9.Rh1g1 Bg2c6
10.Ng5e6 Qd8c8
11.Ne6xg7 Kf7
12.d5 Bc6d7
13.Ng7e6 Bd7xe6
14.dxe6 Qc8xe6
15.Nd2f3 Nb8c6
16.Nf3g5 Ke8
17.Ng5xe6 Kd7
18.Ne6d4 Nc6b4
19.Qd1a4 { resign }
1-0

[Event "Match"]
[Site "www.echecsemail.com"]
[Date "2018.05.08"]
[Round "1"]
[White "Claymil"]
[Black "Fegatux"]
[WhiteElo "2000"]
[BlackElo "1499"]
[Result "0-1"]
[Round "1"]
1.c4 d6
2.Nb1c3 e5
3.g3 f5
4.Bf1g2 Ng8f6
5.e3 Bf8e7
6.Ng1e2 O-O
7.O-O Nb8d7
8.d4 Kh8
9.dxe5 Nd7xe5
10.b3 c6
11.Bc1b2 Bc8e6
12.Qd1c2 Nf6d7
13.Ra1d1 Nd7c5
14.Ne2f4 Be6d7
15.Rd1d2 Nc5e6
16.Nc3e2 Ne6g5
17.f3 Qd8c7
18.Ne2d4 Ra8d8
19.h4 Ng5f7
20.Nd4xf5 Bd7xf5
21.Qc2xf5 Nf7h6
22.Qf5e4 Rf8f6
23.Nf4h5 Rf6f5
24.g4 Rf5f8
25.g5 Nh6f5
26.f4 Ne5g6
27.Bg2h3 Ng6xh4
28.Bh3xf5 Nh4xf5
29.Rf1f2 Kg8
30.Rf2h2 g6
31.Nh5f6 Be7xf6
32.Bb2xf6 Rd8e8
33.Qe4f3 Re8xe3
34.Qf3f2 Rf8e8
35.Rh2g2 c5
36.Kh2 Qc7c6
37.Rd2d5 Qc6d7
38.Bf6e5 Qd7e7
39.Qf2d2 dxe5
40.Rd5d7 Qe7e6
41.Rd7xb7 exf4
42.Rb7xa7 Nf5d4
43.Rg2f2 Qe6h3
{ resign }
0-1

[Event "Eq:Tigers of Istanbul-chibcha : "]
[Site "www.chess-mail.com"]
[Date "2018.05.08"]
[Round "1"]
[White "Estonia"]
[Black "Orhany24"]
[WhiteElo "1990"]
[BlackElo "2090"]
[Result "0-1"]
[Round "1"]
1.e4 e5
2.Ng1f3 Nb8c6
3.Bf1b5 a6
4.Bb5a4 Ng8f6
5.O-O b5
6.Ba4b3 Bf8e7
7.Rf1e1 d6
8.a4 Bc8e6
9.Bb3xe6 fxe6
10.Nb1c3 b4
11.Nc3a2 a5
12.d4 exd4
13.Nf3xd4 Nc6xd4
14.Bc1e3 c5
15.Be3xd4 cxd4
16.Qd1xd4 O-O
17.Ra1d1 Kh8
18.Na2c1 Qd8c7
19.Qd4d3 Ra8c8
20.Rd1d2 Qc7c4
21.b3 Qc4c3
22.Qd3e2 e5
23.Nc1a2 Qc3c5
24.h3 h6
25.Qe2e3 Qc5xe3
26.Re1xe3 Nf6h5
27.Re3e1 Nh5f4
28.f3 Nf4e6
29.c3 bxc3
30.Rd2d5 Rc8c5
31.Rd5xc5 Ne6xc5
32.Re1c1 Nc5xb3
33.Rc1xc3 Nb3c5
34.Rc3c4 Rf8b8
35.Na2c3 Rb8b4
36.Rc4xb4 axb4
{ resign }
0-1

[Event "Tourn. n9711"]
[Site "www.chess-mail.com"]
[Date "2018.05.09"]
[Round "1"]
[White "Conde7"]
[Black "Greghghs"]
[WhiteElo "2880"]
[BlackElo "2630"]
[Result "1-0"]
[Round "1"]
1.a3 d5
2.d4 c6
3.Bc1f4 Bc8f5
4.Nb1d2 Ng8f6
5.e3 e6
6.Ng1f3 Bf8d6
7.Nf3e5 Bd6xe5
8.dxe5 Nf6d7
9.g4 Bf5g6
10.h4 h5
11.gxh5 Bg6xh5
12.Bf1e2 g6
13.c4 Bh5xe2
14.Kxe2 Rh8h5
15.Nd2f3 Nd7b6
16.c5 Nb6c8
17.Nf3h2 Nb8d7
18.Nh2g4 Qd8c7
19.Ra1c1 Qc7a5
20.Kf3 Nc8e7
21.Bf4g5 Qa5c7
22.Kg2 a5
23.f3 b6
24.cxb6 Qc7xb6
25.Qd1c2 c5
26.e4 dxe4
27.fxe4 Ra8b8
28.Ng4f6 Nd7xf6
29.exf6 Ne7c8
30.Qc2xc5 Qb6xb2
31.Rc1c2 Qb2b7
32.Rh1e1 Qb7b6
33.Qc5e5 Nc8d6
34.Re1d1 Rb8d8
35.Rc2d2 Nd6b7
36.Rd2xd8 Nb7xd8
37.Rd1d2 Qb6c6
38.Qe5d4 { resign }
1-0

[Event "Tourn. n9793"]
[Site "www.chess-mail.com"]
[Date "2018.05.09"]
[Round "1"]
[White "Cal"]
[Black "Euwe1983"]
[WhiteElo "1660"]
[BlackElo "1599"]
[Result "1-0"]
[Round "1"]
1.c4 c5
2.Nb1c3 Qd8b6
3.Ng1f3 e6
4.e4 e5
5.a3 Bf8e7
6.d3 Qb6b3
7.Qd1xb3 a5
8.Qb3b6  { time }
1-0

[Event "Tourn. n9773"]
[Site "www.chess-mail.com"]
[Date "2018.05.09"]
[Round "1"]
[White "Saffron"]
[Black "Dspillman"]
[WhiteElo "1649"]
[BlackElo "1690"]
[Result "1-0"]
[Round "1"]
1.b3 d5
2.Bc1b2 Bc8f5
3.Ng1f3 Ng8f6
4.g3 g6
5.Bf1g2 Bf8g7
6.O-O Nb8c6
7.d3 O-O
8.Nb1d2 Qd8d6
9.Rf1e1 Bf5g4
10.h3 Bg4xf3
11.Nd2xf3 Nf6h5
12.d4 { resign }
1-0

[Event "Tourn. n9773"]
[Site "www.chess-mail.com"]
[Date "2018.05.09"]
[Round "1"]
[White "Dspillman"]
[Black "Cal"]
[WhiteElo "1690"]
[BlackElo "1610"]
[Result "0-1"]
[Round "1"]
1.e4 e5
2.Ng1f3 h6
3.b3 d6
4.Nb1c3 Ng8f6
5.Bf1d3 a6
6.h3 c6
7.Bc1b2 Bf8e7
8.Bd3c4 b5
9.Bc4d3 Bc8e6
10.b4 Nb8d7
11.a4 bxa4
12.Nc3xa4 O-O
13.O-O Nf6h5
14.Na4c3 d5
15.exd5 cxd5
16.Bb2a3 Be7d6
17.Qd1e2 d4
{ resign }
0-1

[Event "Tourn. n9745"]
[Site "www.chess-mail.com"]
[Date "2018.05.09"]
[Round "1"]
[White "Rons"]
[Black "Bronstein70"]
[WhiteElo "2660"]
[BlackElo "2470"]
[Result "1-0"]
[Round "1"]
1.e4 e5
2.Ng1f3 Ng8f6
3.Nf3xe5 d6
4.Ne5f3 Nf6xe4
5.d4 Ne4f6
6.Bf1d3 Bf8e7
7.h3 O-O
8.O-O Nb8c6
9.c3 Bc8e6
10.Nf3g5 Be6d7
11.Rf1e1 Rf8e8
12.Ng5e4 Nf6xe4
13.Bd3xe4 Be7g5
14.Nb1d2 Qd8f6
15.Nd2f3 Bg5xc1
16.Ra1xc1 Bd7f5
17.Be4xf5 Qf6xf5
18.Qd1b3 b6
19.d5 Nc6e5
20.Nf3d4 Qf5g5
21.c4 Ne5g6
22.Rc1d1 Ng6f4
23.Qb3f3 Nf4g6
24.b3 Re8xe1
25.Rd1xe1 Qg5d2
26.Qf3e3 Qd2xa2
27.Qe3c3 Qa2a6
28.Nd4f5 f6
29.Qc3g3 Kh8
30.Re1e7 Qa6a1
31.Kh2 Qa1b1
32.Qg3g4 Ra8g8
33.Re7xc7 Ng6e5
34.Qg4h5 Qb1e4
35.Nf5g3 Qe4d4
36.Qh5f5 b5
37.Ng3e4 bxc4
38.Ne4xd6 cxb3
39.f4 { resign }
1-0

[Event "Tourn. n9773"]
[Site "www.chess-mail.com"]
[Date "2018.05.09"]
[Round "1"]
[White "Dspillman"]
[Black "Usmehs"]
[WhiteElo "1690"]
[BlackElo "1629"]
[Result "0-1"]
[Round "1"]
1.e4 c5
2.Nb1c3 d6
3.Bf1c4 Nb8c6
4.Qd1f3 Nc6e5
5.Qf3g3 Ne5xc4
6.b3 Nc4e5
7.Bc1b2 Ng8f6
8.h3 Bc8e6
9.Ng1f3 Ne5xf3
10.gxf3 Qd8d7
11.O-O-O c4
12.Rh1e1 b5
13.bxc4 Be6xc4
14.e5 dxe5
{ resign }
0-1

[Event "Tourn. n9790"]
[Site "www.chess-mail.com"]
[Date "2018.05.09"]
[Round "1"]
[White "Aniruddhadg"]
[Black "Drawlward"]
[WhiteElo "2510"]
[BlackElo "2550"]
[Result "0-1"]
[Round "1"]
1.d4 Ng8f6
2.Bc1g5 Nf6e4
3.Bg5f4 c5
4.f3 Qd8a5
5.c3 Ne4f6
6.d5 Qa5b6
7.e4 Qb6xb2
8.Nb1d2 Qb2xc3
9.Bf4c7 g6
10.Ra1c1 Qc3e3
11.Ng1e2 d6
12.Nd2c4 Qe3h6
13.Qd1b3 b6
14.Qb3a4 Bc8d7
15.Qa4a3 Bf8g7
16.Nc4xb6 axb6
17.Qa3xa8 O-O
18.Qa8a3 b5
19.h4 b4
20.Qa3d3 Nb8a6
21.Qd3xa6 Qh6e3
22.Bc7xd6 exd6
23.Qa6xd6 Rf8c8
24.h5 g5
25.Qd6g3 Nf6xd5
{ resign }
0-1

[Event "Tourn. n9773"]
[Site "www.chess-mail.com"]
[Date "2018.05.09"]
[Round "1"]
[White "Reignblowcan"]
[Black "Dspillman"]
[WhiteElo "1499"]
[BlackElo "1690"]
[Result "1-0"]
[Round "1"]
1.d4 d5
2.c4 Ng8f6
3.Ng1f3 e6
4.Bc1g5 h6
5.Bg5xf6 Qd8xf6
6.Nb1d2 b6
7.cxd5 exd5
8.e4 Bc8b7
9.Qd1a4 Nb8d7
10.Ra1c1 Ra8c8
11.Qa4xa7 Bb7c6
12.Bf1a6 Rc8a8
13.Qa7xc7 Ra8xa6
14.Qc7c8 { resign }
1-0

[Event "Tourn. n9764"]
[Site "www.chess-mail.com"]
[Date "2018.05.09"]
[Round "1"]
[White "Seger"]
[Black "Darko10"]
[WhiteElo "2790"]
[BlackElo "2870"]
[Result "1/2-1/2"]
[Round "1"]
1.d4 Ng8f6
2.Ng1f3 e6
3.c4 d5
4.Nb1c3 Bf8b4
5.Qd1a4 Nb8c6
6.e3 O-O
7.Qa4c2 b6
8.Bc1d2 a5
9.cxd5 exd5
10.a3 Bb4xc3
11.Bd2xc3 Nf6e4
12.Bf1d3 Bc8a6
13.Bd3xa6 Ra8xa6
14.O-O Nc6e7
15.Rf1c1 Qd8d7
16.Nf3e5 Qd7e6
17.Ne5d3 Ra6a8
18.Bc3e1 Rf8c8
19.f3 Ne4d6
20.Be1f2 a4
21.Rc1e1 Ne7g6
22.h4 h5
23.Qc2c6 Ng6e7
24.Qc6c2 Ne7g6
25.Ra1d1 c6
26.e4 dxe4
27.fxe4 Qe6g4
28.Nd3e5 Ng6xe5
29.dxe5 Nd6e8
30.Bf2xb6 Ne8c7
31.Qc2f2 Nc7e6
32.Rd1d6 c5
33.Re1f1 Rc8f8
34.Bb6xc5 Ne6xc5
35.Qf2xc5 Qg4xh4
{ draw }
1/2-1/2

[Event "Tourn. n9806"]
[Site "www.echecsemail.com"]
[Date "2018.05.09"]
[Round "1"]
[White "Falcoale"]
[Black "Tonino1"]
[WhiteElo "1950"]
[BlackElo "1950"]
[Result "0-1"]
[Round "1"]
1.e4 d6
2.f4 Ng8f6
3.Nb1c3 e5
4.fxe5 dxe5
5.Ng1f3 Nb8d7
6.Bf1c4 Bf8e7
7.d3 O-O
8.O-O c6
9.Nc3e2 b5
10.Bc4b3 Qd8c7
11.a4 Nd7c5
12.axb5 Nc5xb3
13.cxb3 cxb5
14.Ne2c3 a6
15.Bc1g5 Bc8b7
16.Ra1c1 Qc7b6
17.Kh1 h6
18.Bg5h4 Qb6e6
19.Rf1e1 Rf8d8
20.Nc3d5 Nf6xd5
21.exd5 Rd8xd5
22.Bh4g3 f6
23.d4 e4
24.Qd1e2 f5
25.Qe2f1 Qe6f7
26.Nf3e5 Qf7f6
27.Qf1f2 g5
28.h3 f4
29.Bg3h2 e3
30.Qf2c2 Ra8c8
31.Qc2b1 Rd5xd4
32.Rc1xc8 Bb7xc8
33.Ne5f3 Bc8f5
34.Qb1c1 Rd4d6
35.Nf3g1 Qf6d4
36.Ng1f3 Qd4e4
37.Qc1c7 Bf5xh3
38.Re1e2 g4
39.Nf3g1 f3
40.gxf3 gxf3
{ resign }
0-1

[Event "Tourn. n9805"]
[Site "www.echecsemail.com"]
[Date "2018.05.09"]
[Round "1"]
[White "Apdash"]
[Black "Orhany24"]
[WhiteElo "2080"]
[BlackElo "2120"]
[Result "0-1"]
[Round "1"]
1.e4 c5
2.Ng1f3 Nb8c6
3.Bf1c4 d6
4.d4 cxd4
5.Nf3xd4 Bc8d7
6.Nb1c3 a6
7.Bc1e3 Ng8f6
8.O-O Nc6e5
9.Bc4b3 e6
 { time }
0-1

[Event "Match"]
[Site "www.echecsemail.com"]
[Date "2018.05.09"]
[Round "1"]
[White "Pariolinius"]
[Black "Luke1302"]
[WhiteElo "1760"]
[BlackElo "1250"]
[Result "1-0"]
[Round "1"]
1.e4 e5
2.Nb1c3 b6
3.Bf1c4 Ng8h6
4.d3 Qd8e7
5.Ng1f3 d6
6.h3 g6
7.Bc4d5 c6
8.Bd5b3 d5
9.O-O Bc8a6
10.Rf1e1 g5
11.Bc1xg5 f6
12.Bg5h4 Qe7g7
13.Bh4g3 Bf8b4
14.a3 Bb4xc3
15.bxc3 Nh6f7
16.Nf3h4 Nf7h6
17.Qd1h5 Nh6f7
18.Nh4f5 Qg7f8
19.exd5 Rh8g8
20.d6 Nb8d7
21.Bb3xf7 Kd8
22.Bf7xg8 Qf8xg8
23.Nf5e7 Qg8f8
24.Ne7xc6 Kc8
25.Qh5xh7 Qf8xd6
26.Nc6b4 e4
27.Bg3xd6 exd3
28.Nb4xa6 dxc2
29.Re1e7 Kb7
30.Na6b4 a5
31.Re7xd7 Kc8
32.Nb4xc2 Ra8b8
33.Rd7c7 Kd8
34.Qh7d7 
1-0

[Event "Match"]
[Site "www.echecsemail.com"]
[Date "2018.05.09"]
[Round "1"]
[White "Whitekknight"]
[Black "Juheset"]
[WhiteElo "1930"]
[BlackElo "1809"]
[Result "0-1"]
[Round "1"]
1.d4 Ng8f6
2.Nb1c3 d5
3.Ng1f3 g6
4.Bc1f4 Bc8f5
5.e3 Bf8g7
6.Bf1d3 Bf5xd3
7.Qd1xd3 a6
8.Nf3e5 Nb8d7
9.O-O-O Nd7xe5
10.Bf4xe5 O-O
11.Rh1e1 Nf6g4
12.Be5g3 c6
13.h3 Ng4f6
14.Kb1 b5
15.a3 e6
16.Bg3e5 Nf6d7
17.Be5xg7 Kxg7
18.f4 f5
19.Qd3f1 c5
20.Nc3e2 c4
21.Ne2c3 Ra8b8
22.Qf1f3 a5
23.Ka2 b4
24.Nc3b1 bxa3
25.Nb1xa3 Qd8e7
26.g3 Qe7b4
27.Rd1b1 Nd7b6
28.Qf3f2 Nb6a4
29.c3 Qb4b3
30.Ka1 Na4xc3
31.bxc3 Qb3xa3
{ resign }
0-1

[Event "Tourn. n9823"]
[Site "www.echecsemail.com"]
[Date "2018.05.09"]
[Round "1"]
[White "Tonino1"]
[Black "Orhany24"]
[WhiteElo "2060"]
[BlackElo "2160"]
[Result "1/2-1/2"]
[Round "1"]
1.d4 d5
2.f4 f5
3.e3 Ng8f6
4.Bf1d3 e6
5.Ng1f3 Bf8d6
6.O-O O-O
7.c3 c5
8.Qd1e2 c4
9.Bd3c2 Nb8c6
10.Nb1d2 Bc8d7
11.Nf3e5 Bd6xe5
12.fxe5 Nf6e4
13.Nd2xe4 { draw }
1/2-1/2

[Event "Tourn. n9818"]
[Site "www.echecsemail.com"]
[Date "2018.05.09"]
[Round "1"]
[White "Fegatux"]
[Black "Biggles"]
[WhiteElo "2310"]
[BlackElo "2140"]
[Result "1-0"]
[Round "1"]
1.e4 e5
2.Ng1f3 Ng8f6
3.Nf3xe5 d6
4.Ne5f3 Nf6xe4
5.c4 Nb8c6
6.Nb1c3 Ne4f6
7.d4 Bc8g4
8.Bf1e2 Bf8e7
9.O-O O-O
10.d5 Nc6b8
11.Nf3d4 Bg4xe2
12.Qd1xe2 c5
13.Nd4f5 Rf8e8
14.Qe2f3 Nb8d7
15.Bc1f4 Qd8c7
16.Nc3b5 Qc7b6
17.b3 Be7f8
18.Nb5xd6 Re8d8
19.Nd6b5 Nd7b8
20.Bf4c7 { resign }
1-0

[Event "Match"]
[Site "www.echecsemail.com"]
[Date "2018.05.09"]
[Round "1"]
[White "Transval"]
[Black "Hansen"]
[WhiteElo "1299"]
[BlackElo "1480"]
[Result "0-1"]
[Round "1"]
1.Nb1c3 e5
2.e4 a6
3.Bf1c4 g6
4.Qd1f3 Ng8f6
5.Nc3d5 Nf6h5
6.d3 c6
7.Nd5e3 b5
 { time }
0-1

[Event "Match"]
[Site "www.echecsemail.com"]
[Date "2018.05.09"]
[Round "1"]
[White "Chessington"]
[Black "Jacks"]
[WhiteElo "2800"]
[BlackElo "2830"]
[Result "1-0"]
[Round "1"]
1.Ng1f3 d5
2.g3 c6
3.b3 Bc8g4
4.Bc1b2 Nb8d7
5.Bf1g2 e6
6.h3 Bg4h5
7.O-O Ng8f6
8.d3 Bf8e7
9.Nb1d2 O-O
10.g4 Bh5g6
11.Nf3h4 a5
12.Ra1b1 a4
13.Nh4xg6 hxg6
14.b4 Nf6e8
15.c4 Be7f6
16.b5 Bf6xb2
17.Rb1xb2 Ne8d6
18.bxc6 bxc6
19.Qd1c1 Qd8e7
20.e3 Nd7c5
21.Qc1c3 a3
22.Rb2b1 Rf8c8
23.Qc3c2 Nd6b7
24.Rf1c1 Nc5a4
25.cxd5 exd5
26.Qc2b3 Na4b2
27.Rc1c3 Nb7d8
28.d4 Qe7f6
29.Qb3c2 Qf6d6
30.Rb1c1 Nb2a4
31.Rc3d3 Nd8e6
32.Nd2b1 Na4b6
33.Rd3c3 Ne6d8
34.Rc3b3 Rc8b8
35.Nb1d2 Nb6d7
36.Rb3xb8 Ra8xb8
37.Rc1b1 Rb8a8
38.Nd2b3 Nd8e6
39.Rb1c1 Ra8a6
40.Qc2c3 Nd7f6
41.Nb3a5 Ne6d8
42.Bg2f3 Kh7
43.Na5b3 Nf6d7
44.h4 Ra6a7
45.Qc3d3 Kg8
46.g5 Nd7b6
47.Nb3d2 Nb6d7
48.Qd3c3 Ra7a6
49.Kg2 Nd8e6
50.Nd2b3 Ne6d8
51.Qc3d3 Ra6a8
52.Rc1c3 Ra8a7
53.Qd3c2 Ra7a8
54.Nb3d2 Nd7f8
55.Qc2c1 Nf8e6
56.Bf3g4 f6
57.Nd2f3 Qd6e7
58.Qc1c2 Ne6f8
59.Bg4h3 Ra8a7
60.Qc2d3 Qe7d6
61.Rc3b3 Nd8b7
62.gxf6 gxf6
63.h5 gxh5
64.Nf3h4 f5
65.Rb3c3 Nb7d8
66.Nh4xf5  { time }
1-0

[Event "Match"]
[Site "www.echecsemail.com"]
[Date "2018.05.09"]
[Round "1"]
[White "Cal"]
[Black "Reignblowcan"]
[WhiteElo "1630"]
[BlackElo "1499"]
[Result "0-1"]
[Round "1"]
1.d4 Ng8f6
2.Nb1c3 d5
3.e3 c5
4.dxc5 e6
5.h3 Bf8xc5
6.Ng1f3 O-O
7.a3 Nb8c6
8.g4 a6
9.Bc1d2 e5
10.Nc3e2 Nf6e4
11.b4 Bc5e7
12.c3 f5
13.g5 Be7xg5
14.Bf1g2 Bc8e6
15.a4 Bg5f6
16.Bd2c1 Ra8c8
17.O-O Ne4xc3
18.Ne2xc3 e4
19.Bc1b2 exf3
20.Bg2xf3 Nc6xb4
21.Ra1b1 Rc8xc3
22.Bb2xc3 Bf6xc3
23.Bf3g2 f4
24.e4 f3
25.Bg2xf3 Be6xh3
26.exd5 Qd8g5
27.Kh1 Qg5h4
28.Kg1 Rf8f5
29.d6 Rf5g5
30.Bf3g2 Bh3xg2
31.Rf1e1 Qh4h1
{ resign }
0-1

[Event "Match"]
[Site "www.echecsemail.com"]
[Date "2018.05.09"]
[Round "1"]
[White "Ssharp"]
[Black "Bojan"]
[WhiteElo "2180"]
[BlackElo "1980"]
[Result "1-0"]
[Round "1"]
1.e4 e5
2.f4 exf4
3.Bf1c4 Qd8h4
4.Kf1 Ng8f6
5.Ng1f3 Qh4h5
6.Nb1c3 c6
7.d4 d5
8.exd5 b5
9.Qd1e1 Kd8
10.Bc4d3 Nf6xd5
11.Nc3xd5 Qh5xd5
12.Bc1xf4 Bf8d6
13.Qe1g3 Bd6xf4
14.Qg3xf4 f6
15.b3 Nb8a6
16.Bd3e4 Qd5e6
17.Kf2 g6
18.d5 Qe6e7
19.dxc6 f5
20.c7 Qe7xc7
21.Qf4g5 Ke8
22.Be4xa8 Qc7xc2
23.Kg3 Kf7
24.Ba8d5 Bc8e6
25.Nf3e5 { resign }
1-0

[Event "1/128 Finale"]
[Site "www.chess-mail.com"]
[Date "2018.05.09"]
[Round "1"]
[White "Silikon"]
[Black "Drawlward"]
[WhiteElo "1760"]
[BlackElo "2550"]
[Result "0-1"]
[Round "1"]
1.e4 c5
2.Ng1f3 d6
3.d4 cxd4
4.Nf3xd4 Ng8f6
5.Nb1c3 g6
6.Bf1c4 Bf8g7
7.Qd1f3 O-O
8.Bc1g5 Qd8a5
9.Bg5xf6 Bg7xf6
10.Nd4b5 a6
11.Nb5a3 b5
12.e5 Bf6xe5
13.Qf3xa8 Be5xc3
14.bxc3 Qa5xc3
15.Ke2 Qc3e5
16.Kd2 bxc4
17.Na3xc4 Qe5d4
18.Ke2 Qd4xc4
19.Kd2 Nb8c6
20.Ra1b1 Bc8f5
21.Qa8b7 Qc4xc2
22.Ke3 Qc2d3
23.Kf4 Qd3e4
24.Kg5 Qe4g4
25.Kh6 Qg4h5
{ resign }
0-1

[Event "1/8 Finale"]
[Site "www.chess-mail.com"]
[Date "2018.05.09"]
[Round "1"]
[White "Jose"]
[Black "Chessington"]
[WhiteElo "2770"]
[BlackElo "2810"]
[Result "1/2-1/2"]
[Round "1"]
1.c4 e6
2.g3 Ng8f6
3.Bf1g2 d5
4.d4 Bf8b4
5.Bc1d2 Bb4e7
6.Ng1f3 O-O
7.O-O Nb8d7
8.Qd1c2 c6
9.Bd2f4 b6
10.Rf1d1 Bc8b7
11.Nf3e5 Nf6h5
12.Bf4d2 Nh5f6
13.cxd5 cxd5
14.Ne5c6 Qd8e8
15.Nc6xe7 Qe8xe7
16.Nb1c3 Rf8c8
17.Rd1c1 h6
18.Qc2d3 Nd7b8
19.Bd2e1 Nb8c6
20.e3 Nf6e8
21.Bg2f1 Qe7d8
22.Qd3d2 a5
23.Nc3b5 Bb7a6
24.a4 Qd8d7
25.Qd2d1 Nc6a7
26.Qd1b3 Rc8d8
27.Rc1c2 Ba6xb5
28.axb5 Ne8d6
29.Qb3a4 Na7xb5
30.Rc2c1 Kh7
31.Bf1d3 g6
32.g4 Ra8c8
33.f3 Rc8c6
34.Rc1xc6 Qd7xc6
35.h4 Nb5a7
36.Qa4d1 Kg8
37.h5 g5
38.Be1g3 Qc6d7
39.Qd1b3 Qd7c6
40.f4 Nd6e4
41.Bd3xe4 dxe4
42.fxg5 hxg5
43.Ra1f1 Na7c8
44.h6 Rd8d7
45.Bg3e5 { draw }
1/2-1/2

[Event "1/128 Finale"]
[Site "www.chess-mail.com"]
[Date "2018.05.09"]
[Round "1"]
[White "Transval"]
[Black "Gvladutz"]
[WhiteElo "1299"]
[BlackElo "2540"]
[Result "0-1"]
[Round "1"]
1.d4 Ng8f6
2.e3 g6
3.Bf1d3 Bf8g7
4.Nb1c3 d5
5.Bc1d2 Nb8c6
6.Ng1f3 O-O
7.Qd1e2 Bc8g4
 { time }
0-1

[Event "Tourn. n9796"]
[Site "www.chess-mail.com"]
[Date "2018.05.10"]
[Round "1"]
[White "Welberth"]
[Black "Reda"]
[WhiteElo "2000"]
[BlackElo "1810"]
[Result "1-0"]
[Round "1"]
1.d4 d5
2.c4 Ng8f6
3.Nb1c3 e6
4.Bc1g5 Bf8b4
5.Ra1c1 h6
6.Bg5h4 O-O
7.e3 Bb4e7
8.Ng1f3 Nf6e4
9.Bh4xe7 Qd8xe7
10.cxd5 exd5
11.Nc3xd5 Qe7d7
12.Nd5c3 Ne4xc3
13.Rc1xc3 Nb8c6
14.Bf1b5 a6
15.Bb5xc6 bxc6
16.Nf3e5 Qd7d5
17.O-O Qd5xa2
18.Qd1c2 Bc8b7
19.Ne5xc6 Bb7xc6
20.Rc3xc6 Rf8c8
21.Rf1c1 a5
22.b3 Qa2xc2
23.Rc1xc2 Ra8b8
24.Rc2c3 a4
25.bxa4 Rb8b1
26.Rc3c1 Rb1xc1
27.Rc6xc1 Kf8
28.Kf1 Ke7
29.Ke2 Kd7
30.Kd3 Rc8a8
31.Rc1c4 Ra8b8
32.Ke4 Kd6
33.g4 Rb8b2
34.Kf3 c6
35.h4 Kd5
36.Rc4c5 Kd6
37.a5 Rb2a2
38.e4 g6
39.e5 Kc7
40.Ke3 Kd7
41.f4 Ra2a3
42.Ke4 Kc7
43.f5 gxf5
44.gxf5 h5
45.e6 fxe6
46.fxe6 Kd6
47.Rc5xh5 Kxe6
48.Rh5e5 Kf6
49.Re5c5 Ra3h3
50.Rc5xc6 Kg7
51.a6 Rh3xh4
52.Kd5 Rh4h8
53.a7 Rh8a8
54.Rc6c7 Kf6
55.Kd6 Kf5
56.Kc6 Ke4
57.d5 { resign }
1-0

[Event "Tourn. n9799"]
[Site "www.chess-mail.com"]
[Date "2018.05.10"]
[Round "1"]
[White "Piekki"]
[Black "Caroluigi"]
[WhiteElo "2130"]
[BlackElo "2170"]
[Result "1-0"]
[Round "1"]
1.e4 e5
2.Ng1f3 Nb8c6
3.Bf1b5 a6
4.Bb5a4 Ng8f6
5.O-O d6
6.Rf1e1 b5
7.Ba4b3 Bc8b7
8.c3 Bf8e7
9.d4 O-O
10.Nb1d2 a5
11.Nd2f1 a4
12.Bb3c2 Nc6a5
13.b3 axb3
14.axb3 Na5c6
15.Ra1xa8 Qd8xa8
16.Nf1g3 Bb7c8
17.Bc2d3 Qa8b8
18.h3 Rf8e8
19.d5 Nc6a7
20.Nf3h4 Nf6xd5
21.exd5 Be7xh4
22.Bd3xh7 Kxh7
23.Qd1h5 Kg8
24.Qh5xh4 Bc8d7
25.Ng3h5 Qb8d8
26.Bc1g5 f6
27.Nh5xf6 gxf6
28.Bg5xf6 { resign }
1-0

[Event "Tourn. n9773"]
[Site "www.chess-mail.com"]
[Date "2018.05.10"]
[Round "1"]
[White "Cal"]
[Black "Usmehs"]
[WhiteElo "1610"]
[BlackElo "1499"]
[Result "0-1"]
[Round "1"]
1.c4 c5
2.h3 Ng8f6
3.Nb1c3 g6
4.d3 Bf8g7
5.e4 d6
6.Ng1f3 Nb8c6
7.a3 a6
8.Bc1g5 Ra8b8
9.b3 Qd8a5
10.Qd1c2 Nf6xe4
11.dxe4 Qa5xc3
12.Qc2xc3 Bg7xc3
13.Bg5d2 Bc3xa1
14.Bf1d3 Nc6e5
15.O-O Ne5xf3
16.gxf3 Ba1b2
17.a4 Bc8xh3
18.Rf1e1 h5
19.f4 Bh3d7
20.e5 dxe5
21.fxe5 Rb8d8
22.Bd2a5 Rd8b8
23.Ba5c7 Bb2c3
24.Re1e3 Rb8c8
25.Bc7b6 Bc3b4
26.a5 Bd7f5
27.Bd3xf5 gxf5
28.e6 Rh8h6
29.f4 Rh6xe6
30.Re3h3 Re6h6
31.Kf2 Rc8c6
32.Kf3 Rc6d6
33.Ke3 Rh6e6
34.Kf2 Rd6d2
35.Kf1 Rd2c2
36.Rh3xh5 Re6e1

0-1

[Event "Tourn. n9781"]
[Site "www.chess-mail.com"]
[Date "2018.05.10"]
[Round "1"]
[White "Drawlward"]
[Black "Ejner"]
[WhiteElo "2550"]
[BlackElo "2420"]
[Result "1-0"]
[Round "1"]
1.e4 e6
2.d4 d5
3.Nb1c3 Bf8b4
4.e5 b6
5.a3 Bb4f8
6.Ng1f3 Ng8e7
7.h4 h6
8.h5 a5
9.Bf1b5 c6
10.Bb5a4 Nb8d7
11.O-O Ra8b8
12.Nc3e2 b5
13.Ba4b3 c5
14.c3 Ne7c6
15.dxc5 Nd7xc5
16.Bb3c2 Bf8e7
17.Ne2d4 Nc6xd4
18.Nf3xd4 Qd8b6
19.Qd1g4 Kf8
20.Bc1e3 Bc8d7
21.Ra1e1 b4
22.f4 f5
23.exf6 gxf6
24.f5 e5
25.Qg4g6 Be7d8
26.Nd4e6 { resign }
1-0

[Event "Tourn. n9757"]
[Site "www.chess-mail.com"]
[Date "2018.05.10"]
[Round "1"]
[White "Gandalf50"]
[Black "Theos666"]
[WhiteElo "1499"]
[BlackElo "1420"]
[Result "1-0"]
[Round "1"]
1.c4 e5
2.Ng1f3 Ng8e7
3.Nf3xe5 g6
4.Nb1c3 Bf8g7
5.Ne5f3 O-O
6.g3 Nb8c6
7.Bf1g2 b6
8.O-O d6
9.d4 f6
10.e4 f5
11.Bc1g5 fxe4
12.Nc3xe4 Bc8f5
13.Rf1e1 Bf5xe4
14.Re1xe4 a6
15.d5 Nc6b8
16.Re4xe7 Qd8xe7
17.Bg5xe7 Rf8e8
18.Be7g5 Bg7xb2
19.Ra1b1 Nb8d7
20.Rb1xb2 Re8f8
21.Bg5h6 Rf8f5
22.Qd1d4 Ra8e8
23.Qd4g7 
1-0

[Event "Tourn. n9797"]
[Site "www.chess-mail.com"]
[Date "2018.05.10"]
[Round "1"]
[White "Osopanda"]
[Black "Julian"]
[WhiteElo "1860"]
[BlackElo "1870"]
[Result "1-0"]
[Round "1"]
1.Ng1f3 d5
2.d4 c6
3.Nb1c3 Ng8f6
4.Bc1f4 e6
5.e3 Bf8d6
6.Bf4xd6 Qd8xd6
7.Bf1d3 O-O
8.O-O Nb8d7
9.Rf1e1 e5
10.dxe5 Nd7xe5
11.Nf3xe5 Qd6xe5
12.Qd1f3 Bc8g4
13.Qf3g3 Qe5xg3
14.hxg3  { time }
1-0